Responses for Show #4231 - Monday, January 13, 2003

Contestants

[<< previous game]

Satish Pillalamarri, a graduate business student from Baldwin, New York

David Burkey, a chemistry professor from La Mesa, California

Kathleen Ellis, a registered nurse from Red Oak, Texas (whose 1-day cash winnings total $18,001)

[next game >>]

Jeopardy! Round responses

30 YEARS' WAR CALL-IN
(Alex: You're gonna love that one!)
BIRD, REPTILE OR FELINE
BAY WATCHING
"I" EXAM
(Alex: We'll deal with the classic film...)
THE SOUND OF MUSIC
THE MUSIC OF SOUND
    $200 16
Catholicism

Satish
    $200 19
feline

Kathleen
    $200 13
Honolulu

Satish
    $200 2
iceberg

Kathleen
    $200 1
Julie Andrews

Satish
    $200 4
bug

Kathleen
    $400 21
siege

David
    $400 20
bird

David
    $400 14
(David: What is the Bombay Bay?)

Bay of Bengal

KathleenDavid
    $400 6
iodine

David
    $400 3
Christopher Plummer

Triple Stumper
    $400 5
air raid

Satish
    $600 22
Denmark

Satish
    $600 25
(Alex: It's a lot like a crocodile or alligator; less than a minute to go.)

reptile

Triple Stumper
    $600 15
Irish Sea

David
    $600 7
indigo

Satish
    $600 28
(Kathleen: Who is Roy Scheider?)

Richard Dreyfuss

KathleenSatish
    $600 10
C

Kathleen
    $800 23
Spain

Satish
    $800 26
bird

Kathleen
    $800 17
San Francisco Bay

Triple Stumper
    $800 8
(Kathleen: What is in situ?)

ibid

Kathleen
Triple Stumper
    $800 29
[The end-of-round signal sounds.]

Angela Cartwright

Triple Stumper
    $800 11
babble

Kathleen
    $1000 24
Cardinal Richelieu

David
    $1000 27
reptile

David
    $1,200 18
(Satish: What is Hudson Bay?)

Bay of Fundy

Satish
    $1000 9
Intolerable Acts

Kathleen
    $1000 12
"Mary Had a Little Lamb"

Triple Stumper

Scores at the first commercial break (after clue 15):

Kathleen David Satish
$2,400 $600 $1,400

Scores at the end of the Jeopardy! Round:

Kathleen David Satish
$2,800 $3,400 $2,400

Double Jeopardy! Round responses

AMERICAN WOMEN
(Alex: [humming] "American Woman...")
AROUND THE OFFICE BUILDING
MINOR CLASSICS
MALCOLM IN THE MIDDLE
LITERARY TRANSLATIONS
BEFORE & AFTER
    $400 3
Clara Barton

Satish
    $400 7
sprinkler heads

Kathleen
    $400 19
"Beethoven's Ninth Symphony"

Kathleen
    $400 24
(Alex: Minute to go now.)

Robin Williams

Kathleen
    $400 12
The Metamorphosis

Satish
    $400 1
Don Ho Chi Minh

David
    $800 8
Alice Walker

Kathleen
    $800 15
boardroom

Kathleen
    $800 20
"Stairway to Heaven"

Satish
    $800 25
Malcolm X

Kathleen
    $800 13
No Exit

Triple Stumper
    $800 2
Norman Lear Jet

Kathleen
    $1200 9
Rachel Carson

Kathleen
    $1200 16
mezzanine

Kathleen
    $1200 21
"Mourning" (morning)

Triple Stumper
    $1200 26
Malcolm Forbes

Kathleen
    $1200 14
Six Characters in Search of an Author

Triple Stumper
    $1200 4
James Joyce Brothers

Satish
    $1600 10
Lucy Hayes

Kathleen
    $1600 17
charwoman

Triple Stumper
    $1,800 22
(Satish: [No response])

"The Funeral March"

Satish
    $1600 27
The Sex Pistols

Kathleen
    $1600 29
[The end-of-round signal sounds.]

Fathers and Sons

Triple Stumper
    $1600 5
Dizzy Dean Rusk

Satish
    $2000 11
Marie Byrd

Triple Stumper
    $2000 18
(Alex: It was a good film, an MGM film on this lot.)

Executive Suite

Triple Stumper
    $2000 23
Gustav Mahler

Triple Stumper
    $4,000 28
Malcolm McDowell

Kathleen
    $2000 6
Clarence "Frogman" Henry Cabot Lodge

Triple Stumper

Scores at the end of the Double Jeopardy! Round:

Kathleen David Satish
$18,000 $3,800 $5,000
(lock game)

[wagering suggestions for these scores]

Final Jeopardy! Round responses

NUTRITION
(Alex: If you care about your body, or anyone else's body, you should know this.)
(Alex: 125 pounds per person per year; we eat them mostly in french fries, I suppose.)
DavidWhat is the carrot?
$1,201
SatishWhat is the potato?
$2,601
KathleenWhat are potatoes?
$7,500
potato

Final scores:

Kathleen David Satish
$25,500 $2,599 $7,601
2-day champion: $43,501 3rd place: $1,000 2nd place: $2,000

Game dynamics:

Coryat scores:

Kathleen David Satish
$16,000 $3,800 $8,000
21 R
(including 1 DD),
2 W
7 R,
1 W
13 R,
2 W
(including 2 DDs)

Combined Coryat: $27,800

[game clues] [game scores] [suggest correction]

Game tape date: 2002-10-22
The J! Archive is created by fans, for fans. Scraping, republication, monetization, and malicious use prohibited; this site may use cookies and collect identifying information. See terms. The Jeopardy! game show and all elements thereof, including but not limited to copyright and trademark thereto, are the property of Jeopardy Productions, Inc. and are protected under law. This website is not affiliated with, sponsored by, or operated by Jeopardy Productions, Inc. Join the discussion at JBoard.tv.